Análisis y evaluación de los programas de reconstrucción en el área rural
Presenta el problema de la escasez y destrucción de las viviendas y sus implicaciones en la aldea San Pablo del municipio de Zacapa, con el fin de evitar a toda cosata la actitud tan a menudo adoptada por algunos de los planificadores y constructores de este momento histórico de reconstrucción....
| Main Author: | |
|---|---|
| Other Authors: | |
| Format: | Tesis Section = Libro |
| Language: | Undetermined Spanish |
| Published: |
Guatemala
USAC-G
1977
|
| Subjects: |
| LEADER | 00967nam a2200217Ia 4500 | ||
|---|---|---|---|
| 008 | 240830s9999 xx 000 0 und d | ||
| 040 | |a BIBLIOTECA-RUSB/ Mon 728.17281 R165 | ||
| 041 | |a spa | ||
| 082 | |a Mon 728.17281 R165 | ||
| 100 | 1 | |a Ramos Corzantes, Marco Antonio | |
| 245 | 1 | 0 | |a Análisis y evaluación de los programas de reconstrucción en el área rural |
| 260 | |a Guatemala |b USAC-G |c 1977 | ||
| 300 | |a 178 p. :il. | ||
| 502 | |a Tesis (Arquitecto) - USAC-G, 1977. | ||
| 520 | 3 | |a Presenta el problema de la escasez y destrucción de las viviendas y sus implicaciones en la aldea San Pablo del municipio de Zacapa, con el fin de evitar a toda cosata la actitud tan a menudo adoptada por algunos de los planificadores y constructores de este momento histórico de reconstrucción. | |
| 650 | 7 | |a VIVIENDAS ECONOMICAS - GUATEMALA | |
| 650 | 7 | |b VIVIENDAS RURAL | |
| 700 | 1 | |a Tutor: |b Castillo Peralta, Lionel | |
| 942 | |c BK |2 ddc | ||
| 991 | |a TESIS | ||
| 999 | |c 21479 | ||